Países por una sola pista - Estadísticas

Estadísticas generales
  • Esta prueba ha sido intentada 124 veces
  • La puntuación promedio es 8 de 12
Estadísticas de respuestas
Pista País % Correcto
Lugar donde nació el tango Argentina
93%
País en el que a las salchichas se las denomina wurst Alemania
92%
País en el que nació el hombre más rápido del mundo Jamaica
87%
País fronterizo al anterior donde nació la marca de automóviles Škoda República Checa
73%
Única monarquía absoluta en Europa Ciudad del Vaticano
63%
País con mayor tasa de natalidad del mundo Níger
62%
La llamada "última dictadura de Europa", único país europeo que mantiene la pena capital Bielorrusia
59%
País donde se filmó la trilogía del Señor de los Anillos Nueva Zelanda
57%
Donde se encuentra el estadio más grande del mundo Corea del Norte
56%
Único país africano con contar con un ganador del Balón de Oro Liberia
46%
País más antiguo del mundo (en cuanto a año de declaración de independencia) San Marino
43%
País asiático en el que un famoso boxeador se hizo político Filipinas
42%
No se encontraron pruebas coincidentes
Distribución de puntuación
Porcentaje de gente con cada puntuación
Porcentaje por número respondido
Historial de tus puntuaciones
No has intentado esta prueba.